ঢ়
ক্ষ
ড়
ঢ়
য়
র-ফলা‌‌‌
 
 
য-ফলা
ি
 
 
রেফ
 
 
 
যুক্ত করুন/হসন্ত
Space
Enter

Pride and prejudice / (Record no. 8243)

000 -LEADER
fixed length control field 00690nam a22002537a 4500
001 - CONTROL NUMBER
control field 3010021764
003 - CONTROL NUMBER IDENTIFIER
control field BD-DhUAP
005 - DATE AND TIME OF LATEST TRANSACTION
control field 20230604120046.0
008 - FIXED-LENGTH DATA ELEMENTS--GENERAL INFORMATION
fixed length control field 230403b19932016nyua|||| |||| 00| 0ceng d
020 ## - INTERNATIONAL STANDARD BOOK NUMBER
International Standard Book Number 9780393264883
040 ## - CATALOGING SOURCE
Original cataloging agency BD-DhUAP
Language of cataloging ENG
Transcribing agency BD-DhUAP
Modifying agency BD-DhUAP
082 ## - DEWEY DECIMAL CLASSIFICATION NUMBER
Edition number 23
Classification number 823.7 AUS
100 ## - MAIN ENTRY--PERSONAL NAME
Personal name Austen, Jane.
245 ## - TITLE STATEMENT
Title Pride and prejudice /
Remainder of title Jane Austen.
250 ## - EDITION STATEMENT
Edition statement 4th ed.
260 ## - PUBLICATION, DISTRIBUTION, ETC.
Place of publication, distribution, etc. London:
Name of publisher, distributor, etc. W.W. Norton & Company,
Date of publication, distribution, etc. 2016.
300 ## - PHYSICAL DESCRIPTION
Extent ix, 413 pages ;
Dimensions 21 cm.
650 ## - SUBJECT ADDED ENTRY--TOPICAL TERM
Topical term or geographic name entry element Social classes
Form subdivision Fiction.
650 ## - SUBJECT ADDED ENTRY--TOPICAL TERM
Topical term or geographic name entry element Courtship
Form subdivision Fiction.
655 ## - INDEX TERM--GENRE/FORM
Source of term Love stories.
700 ## - ADDED ENTRY--PERSONAL NAME
Personal name Gray, Donald
700 ## - ADDED ENTRY--PERSONAL NAME
Personal name Favret, Mary A.
Relator term Editor
942 ## - ADDED ENTRY ELEMENTS (KOHA)
Source of classification or shelving scheme
Koha item type Book
Holdings
Withdrawn status Lost status Source of classification or shelving scheme Damaged status Not for loan Permanent Location Current Location Date acquired Total Checkouts Full call number Barcode Date last seen Date last checked out Copy number Cost, replacement price Koha item type
          UAP Central Library UAP Central Library 2023-04-03 1 823.7 AUS 3010021764 2025-07-31 2025-02-24 1 2250.00 Book

All rights reserved © UAP Central Library,
University of Asia Pacific.